Chontales (Registro nro. 4317)

Detalles MARC
000 -CABECERA
Longitud fija campo de control 00574cam a22001931 4500
001 - NÚMERO DE CONTROL
Número de control 7565211
003 - IDENTIFICADOR DELl NÚMERO DE CONTROL
Identificador del número de control OSt
005 - FECHA Y HORA DE LA ÚLTIMA TRANSACCIÓN
Fecha y hora de la última transacción 20131122171619.0
008 - CÓDIGOS DE INFORMACIÓN DE LONGITUD FIJA
Códigos de información de longitud fija 751013s1969 nq ac 000 0 spa
040 ## - FUENTE DE LA CATALOGACIÓN
Centro catalogador de origen DLC
Centro transcriptor BMC
082 ## - NÚMERO DE LA CLASIFICACIÓN DECIMAL DEWEY
Númeroo de clasificación 972.8527
100 1# - PUNTO DE ACCESO PRINCIPAL-NOMBRE DE PERSONA
Nombre de persona Guerrero C., Julian N.
9 (RLIN) 9559
245 10 - MENCIÓN DE TÍTULO
Título Chontales
Resto del título : monografía
Mención de responsabilidad, etc. [por] Julián N. Guerrero C. [y] Lola Soriano de Guerrero
260 ## - PUBLICACIÓN, DISTRIBUCIÓN, ETC. (PIE DE IMPRENTA)
Lugar de publicación, distribución, etc. [Managua
Fecha de publicación, distribución, etc. 1969
Nombre del editor, distribuidor, etc. s.n.]
300 ## - DESCRIPCIÓN FÍSICA
Extensión 259 p.
Otras características físicas il.
Dimensiones 13 x 21 cm
651 #4 - PUNTO DE ACCESO ADICIONAL DE MATERIA - NOMBRE GEOGRÁFICO
9 (RLIN) 9558
Nombre geográfico Chontales (Nicaragua)
Subdivisión de materia general Descripción
700 1# - PUNTO DE ACCESO ADICIONAL - NOMBRE DE PERSONA
9 (RLIN) 9560
Nombre de persona Soriano de Guerrero, Lola
942 ## - ENTRADA DE ELEMENTOS AGREGADOS (KOHA)
Fuente de clasificaión o esquema Dewey Decimal Classification
Koha [por defecto] tipo de item 1- Monografias
Existencias
Suprimido Perdido Fuente de clasificación o esquema Estropeado Restricciones de uso No para préstamo Código de colección Localización permanente Localización actual Localización en estanter&íacute;as Fecha adquisición Fuente de adquisición Número de inventario Préstamos totales Signatura completa Código de barras Fecha última consulta Coste, precio reemplazado Fecha del precio de reemplazo Tipo de item de Koha
NULL NULL Dewey Decimal Classification NULL Prestable NULL NULL Biblioteca Miguel de Cervantes - UNICAES Biblioteca Miguel de Cervantes - UNICAES Sala Principal 19/11/2013 Donación - UNICO 007437   972.85 GUE cho 1007437 19/11/2013 18.00 19/11/2013 1- Monografias